|
|
|
|
| LEADER |
00000cam a2200000 4500 |
| 001 |
vtls008870514 |
| 003 |
SK-MaSNL |
| 005 |
20260301222733.0 |
| 008 |
251112s1677 xo a f 0 p lat |
| 015 |
|
|
|a SNBHFA
|
| 035 |
|
|
|a urn:nbn:sk:snk-am00fidw
|
| 035 |
|
|
|a urn:nbn:sk:snk-am3itm4
|
| 035 |
|
|
|a 01730C8A-E820-49ED-B282-504EC1A45C7F
|
| 040 |
|
|
|a SNKHF
|b slo
|c SNKHF
|e rda
|
| 041 |
0 |
|
|a lat
|
| 044 |
|
|
|a xo
|c SK
|
| 072 |
|
7 |
|a 821.124
|x Latinská literatúra, latinsky písaná
|2 konspekt
|
| 072 |
|
7 |
|a 783
|x Cirkevná hudba. Duchovná hudba. Náboženská hudba
|2 konspekt
|
| 080 |
|
|
|a 821.124
|2 2001
|
| 080 |
|
|
|a 82-133
|2 2011
|
| 100 |
0 |
|
|a Vergilius,
|d 70 pred. Kr.-19 pred Kr.
|4 aut
|9 7607
|
| 245 |
1 |
0 |
|a Publij Virgilij Maronis Opera
|b In Scholis Societatis Jesu Praelegi Solita
|
| 246 |
3 |
0 |
|a Opera
|
| 264 |
|
3 |
|a Tyrnaviae
|b In Hungaria Typis Academicis, Per Matthiam Rietmiller
|c Año Publij ɔIc Iɔc Lxxvii (1677)
|
| 300 |
|
|
|a 2 nečíslované strany, 368 strán
|c 15 cm
|
| 336 |
|
|
|a text
|b txt
|2 rdacontent
|
| 337 |
|
|
|a bez média
|b n
|2 rdamedia
|
| 338 |
|
|
|a zväzok
|b nc
|2 rdacarrier
|
| 500 |
|
|
|a Vinety, vlys, ozdobné linky, iniciálky s ornamentálnym pozadím vo voľnom priestore na 6, 7 riadkov, zložky, kustody
|
| 510 |
4 |
|
|a Čaplovič
|c II/2104
|
| 546 |
|
|
|a Latinský text
|b Antikva
|
| 561 |
|
|
|a Rukopisný provenienčný záznam na titulnom liste: Bibliothecae Domus Podol. Schol. Piar.
|5 SNK SE 1294
|
| 563 |
|
|
|a Väzba: pôvodná, hnedá koža s pozlátenou ornamentálnou slepotlačou.
|5 SNK SE 1294
|
| 650 |
0 |
7 |
|a latinská literatúra
|2 SNKPH
|9 1483
|
| 650 |
0 |
7 |
|a bukolická poézia
|2 SNKPH
|9 1630
|
| 700 |
1 |
|
|a Rietmuller, Matej,
|d činný 17. storočie
|9 92124
|
| 710 |
2 |
|
|a Piaristi (Podolínec, Slovensko)
|4 fmo
|9 312357
|
| 710 |
2 |
|
|a Akademická tlačiareň (Trnava, Slovensko)
|4 prt
|9 232890
|
| 752 |
|
|
|a Slovensko
|d Trnava
|
| 958 |
|
|
|a ONDV
|
| 958 |
|
|
|a DC
|
| 999 |
|
|
|c 940879
|d 942809
|
| 952 |
|
|
|a SNK
|b SNK
|y PREZ
|7 0
|p 17A0733297
|o snkSE 1294
|i snkKSF 819/56
|8 5
|0 0
|1 0
|4 0
|d 2009-06-02
|f 1
|l 0
|r 2026-02-24 09:17:47
|w 2026-02-24
|